In the American West. Richard Avedon 1979-1984 (Record no. 582)

MARC details
000 -LEADER
campo de control de longitud fija 00450nam a22001337a 4500
008 - DATOS DE LONGITUD FIJA--INFORMACIÓN GENERAL
campo de control de longitud fija 150508b xxu||||| |||| 00| 0 eng d
082 ## - NÚMERO DE LA CLASIFICACIÓN DECIMAL DEWEY
Número de clasificación 779.209.2
Número de ítem A 948i
100 ## - ENTRADA PRINCIPAL--NOMBRE DE PERSONA
Nombre de persona Avedon, Richard
9 (RLIN) 2620
245 ## - MENCIÓN DEL TÍTULO
Título In the American West. Richard Avedon 1979-1984
Mención de responsabilidad, etc. Avedon, Richard
260 ## - PUBLICACIÓN, DISTRIBUCIÓN, ETC.
Lugar de publicación, distribución, etc. New York
Nombre del editor, distribuidor, etc. Abrams
Fecha de publicación, distribución, etc. 1985
300 ## - DESCRIPCIÓN FÍSICA
Extensión 172 p.
Otras características físicas ill. (col)
Dimensiones 24x29.5
650 ## - PUNTO DE ACCESO ADICIONAL DE MATERIA--TÉRMINO DE MATERIA
Subdivisión general Retratos fotograficos
-- Fotografia
-- Avedon, Richard
9 (RLIN) 2621
700 ## - ENTRADA AGREGADA--NOMBRE PERSONAL
Nombre de persona Avedon, Richard
9 (RLIN) 2622
Holdings
Estatus retirado Estado de pérdida Fuente del sistema de clasificación o colocación Estado de daño No para préstamo Biblioteca de origen Biblioteca actual Ubicación en estantería Fecha de adquisición Total de préstamos Signatura topográfica completa Código de barras Visto por última vez Precio de reemplazo Tipo de ítem Koha
    Clasificación Decimal Dewey     Biblioteca LadoV Biblioteca LadoV   08/05/2015   779.209.2 A 948i 000588 08/05/2015 08/05/2015 Material 01